00720nam a2200181 a 450000100100000000500170001000800410002704000250006808200160009310000360010924500740014526000390021930000200025804900090027895201140028795201200040199900170052100003209720200930063427.0110712s2004 dr 000 0 spa d aDO-SdBNPbspacBNPHU axxxxbS237p1 aSantos Hernández, Juan95821710aPsicología de las relaciones en pareja. /cJuan Santos Hernández. aSanto Domingo :b[s. n.],c[198?]. a77 p. ;c22 cm. aBNPD 0010718PDaPDbPDcHDd2011-07-12iLF1l0oxxxx S237pp32097-10r2020-06-25w2020-06-25yLFPDZNo se presta 0010718PDaPDbPDcHDd2013-06-10iLF1l0oxxxx S237pp32097-20r2020-06-25te. 2w2020-06-25yLFPDZNo se presta c31588d31588